000 00581nam a22001817a 4500
003 n
005 20250929105154.0
008 n
020 _a9783030708207
040 _cn
082 _a307.76 M478 2021
100 _aMcKenna, H. Patricia
245 _aSeeing Smart Cities Through a Multi-Dimensional Lens: Perspectives, Relationships, and Patterns for Success /
_cH. Patricia McKenna
260 _bSpringer International Publishing, Switzerland AG, 2021
300 _a158 pages, 23 cm.
650 _aUrban studies, smart cities, sociology, data analysis
942 _2ddc
_cBK-EN
_n0
999 _c7940
_d7940